|
|
|
|
| LEADER |
01982nkm a2200433 a 4500 |
| 001 |
mzk03001174812 |
| 003 |
CZ BrMZK |
| 005 |
20120514130217.0 |
| 007 |
kj|boo |
| 008 |
120313q16901720fr ||| f || k|lat|d |
| 040 |
|
|
|a BOA001
|b cze
|
| 072 |
|
7 |
|a 76
|x Grafické umění. Grafika
|2 Konspekt
|9 21
|
| 080 |
|
|
|a (0:82-94)
|2 MRF
|
| 080 |
|
|
|a (0.026.6)76
|2 MRF
|
| 080 |
|
|
|a 762.11
|2 MRF
|
| 100 |
1 |
|
|a Le Brun, Charles,
|d 1619-1690
|7 ola2002150760
|4 aut
|
| 245 |
1 |
0 |
|a Soeuit dira Lues at resti colla reuinctus, Et tardus plagis Carolus orat opem. Respirate Greges. quas mixto sanguine Pasto. Dat lacrymas, vestri sunt medicina mali.
|h [grafika] /
|c Se Vend A Paris Chez Chiquet ruë St. Jacques audessus de Mathurins. ; C. le Brun pinxit ; Gravé par Loisel
|
| 246 |
3 |
3 |
|a Saevit dira lues et resti colla revinctus, Et tardus plagis Carolus orat opem. Respirate greges; quas mixto sanguine pastor dat lacrymas, vestri sunt medicina mali.
|h [grafika]
|
| 260 |
|
|
|a A Paris :
|b Se Vend A Paris Chez Chiquet ruë St. Jacques audessus de Mathurins,
|c [mezi 1690 a 1720]
|
| 300 |
|
|
|a 1 list :
|b mědirytina podlepená papírem ;
|c 30 x 22 cm na listu 40,5 x 25 cm
|
| 500 |
|
|
|a Zrcadlo tisku 33 x 22 cm
|
| 500 |
|
|
|a Vloženo do pasparty o velikosti 48 x 33,5 cm
|
| 561 |
|
|
|a Provenience: [razítko] SDR C26905
|
| 561 |
|
|
|a Provenience: [m.p.] A.b. 59
|
| 600 |
0 |
7 |
|a Karel Boromejský,
|c svatý,
|d 1538-1584
|7 jn20000700205
|2 czenas
|
| 650 |
|
7 |
|a mědirytiny
|7 ph123092
|2 czenas
|
| 655 |
|
7 |
|a portréty
|7 fd133099
|2 czenas
|
| 655 |
|
7 |
|a grafické listy
|7 fd132404
|2 czenas
|
| 700 |
1 |
|
|a Loisel
|4 egr
|
| 700 |
1 |
|
|a Chiquet, Jacques,
|d ca 1673-1721
|4 pbl
|
| 856 |
4 |
1 |
|u https://imageserver.mzk.cz/mzk03/001/174/812/3281G028008
|y Digitalizovaný dokument
|
| 903 |
|
|
|a RP
|
| 910 |
|
|
|e BOE950
|c R - GR - 0000.009,1
|
| 985 |
|
|
|a 1651-1700
|
| 985 |
|
|
|a 1701-1750
|
| 990 |
|
|
|a GP
|
| 996 |
|
|
|e BOE950
|c R - GR - 0000.009,1
|
| 980 |
|
|
|c 280008
|g R - GR - 0000.009,1
|1 3281G028008
|
| 991 |
|
|
|k rajhrad
|